| 000 | 00984nam0a2200337 4500 | ||
|---|---|---|---|
| 001 | RU\NLR\bibl\1877650 | ||
| 005 | 20250616192523.0 | ||
| 010 |
_a978-5-373-04490-5 _93000 |
||
| 021 |
_aRU _b2012-8537 _9633 |
||
| 035 | _a(nilc)RSL-KNO-005392698 | ||
| 035 | _a(NLR Aleph) 001867444 | ||
| 090 |
_a2614953 _c2614953 |
||
| 100 | _a20120220d2012 |||y0rusy50 ca | ||
| 101 | 0 | _arus | |
| 102 | _aRU | ||
| 105 | _ay ||||||||| | ||
| 200 | 1 |
_aБог со звезды _fАнна Чащина |
|
| 210 |
_aМосква _cОЛМА Медиа Групп _d2012 |
||
| 215 |
_a350, [1] с. _d21 |
||
| 225 | 1 |
_aХорошая фантастика _eХФ |
|
| 686 |
_aШ5(2=Р)75-644.5 _2rubbk |
||
| 686 | _aШ6(2=Р)8-445 | ||
| 700 | 1 |
_aЧащина _bА. М. _gАнна М. _4070 |
|
| 801 | 0 |
_aRU _bRuMoRKP _c20120220 _grcr |
|
| 801 | 1 |
_aRU _bРГБ _c20120220 |
|
| 801 | 2 |
_aRU _bNLR _c20120306 _grcr |
|
| 942 | _cBOOK | ||
| 980 | _aNB | ||
| 980 | _aNBR | ||